Rastros en el agua: exploradores, embarcaciones y materialidades
محفوظ في:
| المؤلفون الرئيسيون: | , , , , , |
|---|---|
| التنسيق: | كتاب |
| اللغة: | الإسبانية |
| منشور في: |
Santiago
Servicio Nacional del Patrimonio Cultural
2019
|
| الطبعة: | 1a. ed |
| سلاسل: | Colección Bajo la Lupa
|
| الموضوعات: | |
| الوسوم: |
إضافة وسم
لا توجد وسوم, كن أول من يضع وسما على هذه التسجيلة!
|
MARC
| LEADER | 00000cam a2200000 a 4500 | ||
|---|---|---|---|
| 001 | UCC9310 | ||
| 003 | CL-VaPUC | ||
| 008 | 190914e20190000cl |||||||||||||||||spa|d | ||
| 020 | |a 9789562444460 | ||
| 082 | 0 | 4 | |a 910.983 |b URB |2 21 |
| 100 | 0 | |a Urbina Carrasco, Ximena |e author |9 604306 | |
| 700 | 0 | |a Bahamonde Gallardo, Claudia |e author |9 604307 | |
| 700 | 0 | |a Arregui Berger, Cristián |e author |9 604308 | |
| 700 | 0 | |a Carabias Amor, Diego |e author |9 604309 | |
| 700 | 0 | |a Lira San Martín, Nicolás |e author |9 604310 | |
| 700 | 0 | |a Studemann Henríquez, Nikolas |e author |9 604311 | |
| 245 | 1 | 0 | |a Rastros en el agua: exploradores, embarcaciones y materialidades |
| 250 | |a 1a. ed | ||
| 300 | |a 190 p | ||
| 942 | |c BK | ||
| 945 | |d 20190914 23:07:00 |a dcastane | ||
| 260 | |a Santiago |b Servicio Nacional del Patrimonio Cultural |c 2019 | ||
| 650 | 0 | |a Viajes y exploraciones |9 480879 | |
| 650 | 7 | |a EXPEDICIONES |2 CL-VaPUC |9 268484 | |
| 650 | 0 | |a Historia de américa siglo 19 |9 406763 | |
| 583 | |a last modification |c 20190914 23:07:00 |k Rodrigo Vera | ||
| 490 | 0 | |a Colección Bajo la Lupa | |
| 999 | |c 375496 |d 375494 | ||
| 952 | |0 0 |1 0 |3 erb |4 0 |6 910_983000000000000_URB_2019 |7 0 |8 A |9 494485 |a BIBHIS |b BIBHIS |i 5601509 |o 910.983 URB 2019 |p 5601509 |r 2025-01-20 |w 2019-11-24 |y BK |z Catalogado en:20190914 |k HIS | ||